Sons solo Freeze Corleone - Statistiques

Statistiques générales
  • Ce quiz a été pris 70 fois
  • Le résultat moyen est 31 sur 80
Statistiques - réponses
Hint Réponse % Correct
LMF / 1. Freeze Raël
91%
Vieilles Merdes, Vol II / 1. Intro
89%
Projet Blue Beam / 1. Intro
89%
F.D.T. / 11. S/o Congo
86%
Projet Blue Beam / 7. S/o Congo Part.2
86%
F.D.T. / 10. Le Chen
82%
LMF / 2. Hors Ligne
77%
Projet Blue Beam / 9. Bâton Rouge
75%
LMF / 17. Chen Laden
75%
LMF / 4. Tarkov
70%
Projet Blue Beam / 2. Jeremy Lin
64%
Projet Blue Beam / 4. Lester
64%
F.D.T. / 3. Madara
64%
Projet Blue Beam / 10. Sacrifice de Masse
64%
Projet Blue Beam / 3. 3 planètes
61%
LMF / 15. Desiigner
61%
Projet Blue Beam / 11. Donquixote Doflamingo
61%
Projet Blue Beam / 5. LRH
59%
LMF / 16. PDM
59%
LMF / 5. Rap Catéchisme
59%
LMF / 11. RIP Pop Smoke
59%
LMF / 8. Big Pharma
57%
LMF / 14. Dans les Buissons
57%
F.D.T. / 12. Ekip
50%
THC / 1. T.H.C.
50%
Projet Blue Beam / 8. Fredo Santana
48%
LMF / 13. Numérologie
48%
F.D.T. / 1. 2016 t'as peur
43%
LMF / 9. Logo Audi
43%
LMF / 10. Moncler
43%
Single Post LMF Téléphone
43%
F.D.T. / 8. Toilettes
43%
LMF / 12. L'art de la guerre
41%
F.D.T. / 7. Mode Avion
41%
F.D.T. / 6. Luffy
39%
F.D.T. / 9. Q.B
39%
Projet Blue Beam / 6. Fentanyl
36%
Single Gaucho
36%
F.D.T. / 13. Mage Noir
36%
THC / 6. TX
36%
THC / 2. Karin
34%
LMF / 3. Scéllé part.2
34%
THC / 7. ABC
32%
THC / 10. Vuvuzela
32%
F.D.T. / 5. Karim et Nico
30%
LMF / 7. Pas de Refrain
30%
THC / 11. Prof chen
30%
Single ( Freestyle ) Welcome to the Party
30%
THC / 3. 8P4C
27%
F.D.T. / 2. Alphonse Karr
27%
Single Recette
27%
THC / 9. Benjamins Bleus
25%
F.D.T. / 4. Comme ça
25%
THC / 4. Gobi
25%
THC / 12. Hassan II
25%
Vieilles Merdes, Vol II / 2. Argent Noir pt.2
20%
Vieilles Merdes, Vol II / 14. Elèves
20%
THC / 8. Présence menaçante
20%
Vieilles Merdes, Vol II / 7. Still Tippin' 2015
20%
Vieilles Merdes, Vol II / 9. Braquage
18%
Vieilles Merdes, Vol II / 6. Villa
18%
Vieilles Merdes, Vol II / 4. 2014
16%
Single Apu
16%
Vieilles Merdes, Vol II / 8. Fléau
16%
Vieilles Merdes, Vol II / 12. JPMA
16%
Single post LMF Règne sur le Monde
16%
Vieilles Merdes, Vol II / 3. Uzi
16%
Vieilles Merdes, Vol II / 13. Alarme
14%
Vieilles Merdes, Vol II / 10. Essence
14%
Vieilles Merdes, Vol II / 5. Mach 6
14%
Single post LMF (feat) Polémique
14%
Vieilles Merdes, Vol II / 11. Fu Shit
11%
Vieilles Merdes, Vol II / 15. Pas de montant
11%
Single ( feat Youtube ) Requiem for a Drill
11%
THC / 5. R.N.T.
11%
Single Skrt Skrt
11%
LMF / 6. Strecht 4
9%
Single ( Edit ) Freeze Raël ( vidéo Edit )
5%
Single LDO dans la place
5%
Single La LDO dans le château
2%
Aucun quiz correspondant
Distribution des résultats
% des personnes avec chaque résultat
Percentile par nombre de réponses
Votre historique - résultats
Vous n’avez pas pris ce quiz